Inovace v přípravě kariérových změn

Pojem karéra a druhá karéra. Zmeny kariéry. Age management. Vek človeka v ekonómii. Hypotéza životného cyklu. Zmeny v chápaní blahobytu. Oblasti potenciálných inovácií v príprave novej kariéry.

Salvato in:
Dettagli Bibliografici
Autore principale: Beck, Jiří
Altri autori: Hlavatý, Karel
Natura: Capitolo di libro
Lingua:ceco
Soggetti:
Tags: Aggiungi Tag
Nessun Tag, puoi essere il primo ad aggiungerne!!

MARC

LEADER 00000naa a2200000 4500
001 0190090
005 20231010070347.0
041 0 |a cze 
044 |a CZ 
245 1 0 |a Inovace v přípravě kariérových změn  |c Jiří Beck, Karel Hlavatý 
520 |a Pojem karéra a druhá karéra. Zmeny kariéry. Age management. Vek človeka v ekonómii. Hypotéza životného cyklu. Zmeny v chápaní blahobytu. Oblasti potenciálných inovácií v príprave novej kariéry. 
610 2 0 |a kariéra 
610 2 0 |a inovácia 
610 2 0 |a blahobyt 
610 2 0 |a obyvateľstvo aktívne 
100 1 |a Beck, Jiří 
700 1 |a Hlavatý, Karel